[Event "4NCL Division 4 South"]
[Site "Daventry, ENG"]
[Date "2018.11.17"]
[Round "1.99"]
[White "Weersing, Sarah"]
[Black "Bowcott, Dustin"]
[Result "1/2-1/2"]
[WhiteElo "1772"]
[BlackElo "1840"]
[PlyCount "63"]
[EventDate "2018.11.17"]

1. d4 g6 2. Nf3 Bg7 3. c4 c5 4. e3 cxd4 5. exd4 d5 6. Be3 Nf6 7. Nc3 O-O 8. Qb3
dxc4 9. Bxc4 Nc6 10. Ne2 Na5 11. Qc3 Nxc4 12. Qxc4 Be6 13. Qb5 Bd5 14. Nh4 e6
15. O-O a6 16. Qd3 b5 17. b3 Ng4 18. g3 Qf6 19. f3 Nxe3 20. Qxe3 Rac8 21. Ng2
Rc2 22. Ngf4 Bb7 23. Qd3 Rc7 24. Rad1 Rd7 25. Qe3 Rfd8 26. Rd3 Bh6 27. Rfd1 Qe7
28. Kg2 f5 29. Nxg6 Bxe3 30. Nxe7+ Rxe7 31. Rxe3 e5 32. Kf2 1/2-1/2

[Event "4NCL Division 4 South"]
[Site "Daventry, ENG"]
[Date "2018.11.17"]
[Round "1.99"]
[White "Ross, Stuart"]
[Black "Weersing, Nathan"]
[Result "1-0"]
[WhiteElo "1712"]
[BlackElo "1502"]
[PlyCount "113"]
[EventDate "2018.11.17"]

1. e4 e6 2. d4 d5 3. Nc3 Nf6 4. e5 Nfd7 5. f4 c5 6. Nf3 Nc6 7. Be3 Qb6 8. Na4
Qa5+ 9. c3 cxd4 10. b4 Qd8 11. Nxd4 f6 12. Nxe6 Qe7 13. Nc7+ Kd8 14. Nxd5 Qe6
15. Nc5 Bxc5 16. Bxc5 fxe5 17. Be2 b6 18. Bg4 exf4+ 19. Bxe6 bxc5 20. Qg4 Re8
21. O-O-O cxb4 22. Qg5+ Ne7 23. Nxb4 Kc7 24. Bxd7 Bxd7 25. Qa5+ Kc8 26. Rhe1
Nc6 27. Rxe8+ Bxe8 28. Nxc6 Bxc6 29. Rd8+ Kb7 30. Rxa8 Kxa8 31. Qc7 a5 32.
Qxc6+ Kb8 33. Qd6+ Kb7 34. Qxf4 g5 35. Qf7+ Kc6 36. Qxh7 a4 37. Qg6+ Kc5 38.
Qxg5+ Kc4 39. Qf4+ Kd3 40. Qxa4 Kxc3 41. h4 Kd3 42. h5 Ke2 43. h6 Kf2 44. g4
Kg3 45. g5 Kf2 46. g6 Kg1 47. g7 Kf2 48. h7 Ke1 49. Qc2 Kf1 50. a4 Ke1 51. a5
Kf1 52. a6 Ke1 53. a7 Kf1 54. h8=Q Kg1 55. a8=Q Kf1 56. g8=Q Ke1 57. Qg1# 1-0

[Event "4NCL Division 4 South"]
[Site "Daventry, ENG"]
[Date "2018.11.17"]
[Round "1.99"]
[White "Krawczuk, Michael J"]
[Black "Kitchen, Peter J"]
[Result "1-0"]
[WhiteElo "1820"]
[BlackElo "1915"]
[PlyCount "63"]
[EventDate "2018.11.17"]

1. e4 e6 2. d4 d5 3. Nd2 Nc6 4. c3 e5 5. dxe5 Nxe5 6. Ngf3 Bg4 7. Qa4+ Bd7 8.
Qc2 Nxf3+ 9. Nxf3 Nf6 10. e5 Ne4 11. Bd3 f5 12. exf6 Nxf6 13. O-O Bd6 14. Re1+
Kf7 15. Bg5 g6 16. Qb3 Bc6 17. c4 Be7 18. Rad1 Kg7 19. cxd5 Nxd5 20. Bxe7 Nxe7
21. Qc3+ Kh6 22. Bxg6 Qf8 23. Be4 Rg8 24. Qe3+ Kg7 25. Ng5 Qf6 26. Nxh7 Qxb2
27. Qg5+ Kf7 28. Bd5+ Nxd5 29. Qh5+ Kg7 30. Rxd5 Rad8 31. Re7+ Kh8 32. Nf6# 1-0

[Event "4NCL Division 4 South"]
[Site "Daventry, ENG"]
[Date "2018.11.17"]
[Round "1.99"]
[White "Evans, Craig"]
[Black "Moore, Gillian A"]
[Result "1-0"]
[WhiteElo "1992"]
[BlackElo "1814"]
[PlyCount "73"]
[EventDate "2018.11.17"]

1. e4 Nf6 2. Nc3 e5 3. Nf3 Nc6 4. d4 exd4 5. Nd5 Nxd5 6. exd5 Bb4+ 7. Bd2 Bxd2+
8. Qxd2 Ne7 9. Qxd4 O-O 10. Bd3 Ng6 11. O-O-O d6 12. h4 Qf6 13. Qxf6 gxf6 14.
Nd4 Bd7 15. g3 a6 16. Bf5 Bxf5 17. Nxf5 Rfe8 18. f4 h5 19. Rhe1 Kf8 20. Kd2
Rad8 21. Rxe8+ Rxe8 22. Re1 22... Rxe1 $11 23. Kxe1 Kg8 24. Ke2 Nf8 25. Ke3 Nd7
26. Kd4 Kh7 27. b4 Nf8 28. c4 Nd7 29. c5 dxc5+ 30. bxc5 b5 31. c6 Nf8 32. Kc5
Kg8 33. Ne7+ Kg7 34. f5 Nh7 35. d6 cxd6+ 36. Kxd6 Nf8 37. c7 1-0

[Event "4NCL Division 4 South"]
[Site "Daventry, ENG"]
[Date "2018.11.17"]
[Round "1.99"]
[White "Coburn, Joseph A"]
[Black "Buttell, David"]
[Result "0-1"]
[WhiteElo "1768"]
[BlackElo "1915"]
[PlyCount "60"]
[EventDate "2018.11.17"]

1. d4 d5 2. Nf3 Nf6 3. g3 Nbd7 4. Bg2 e6 5. Nbd2 Be7 6. O-O O-O 7. c3 c6 8. Re1
Qc7 9. e4 dxe4 10. Nxe4 Nxe4 11. Rxe4 Nf6 12. Bf4 Bd6 13. Bxd6 Qxd6 14. Re2 Bd7
15. Ne5 Rad8 16. Qa4 Qb8 17. Qc2 Qc7 18. g4 Nd5 19. Rae1 Nf4 20. Re3 g6 21. g5
f5 22. Rf3 Nxg2 23. Kxg2 Bc8 24. Rh3 b6 25. Rh6 c5 26. Re3 cxd4 27. Nxg6 dxe3
28. fxe3 hxg6 29. Qf2 Bb7+ 30. Kh3 Qg7 0-1

[Event "4NCL Division 4 South"]
[Site "Daventry, ENG"]
[Date "2018.11.17"]
[Round "1.99"]
[White "Tivillier, Jacques"]
[Black "Smith, Steven J"]
[Result "1/2-1/2"]
[WhiteElo "1855"]
[BlackElo "1722"]
[PlyCount "112"]
[EventDate "2018.11.17"]

1. e4 e6 2. d4 d5 3. e5 c5 4. c3 Nc6 5. Nf3 Qb6 6. Bd3 Bd7 7. O-O cxd4 8. cxd4
Nxd4 9. Nbd2 Nxf3+ 10. Nxf3 Bc5 11. b4 Be7 12. Be3 Qd8 13. b5 Nh6 14. a4 f5 15.
exf6 Bxf6 16. Bxh6 gxh6 17. Ne5 Bxe5 18. Qh5+ Ke7 19. Qxe5 Qf8 20. Rfe1 Kd8 21.
Rac1 Rc8 22. Rxc8+ Kxc8 23. Rc1+ Kd8 24. Qc7+ Ke7 25. Qc5+ Kf7 26. Qxa7 Qa8 27.
Qd4 Rc8 28. Rf1 Qa5 29. f4 Qc3 30. Qe3 Qc5 31. Qxc5 Rxc5 32. Ra1 32... Kg7 $11
33. Kf2 h5 34. Ke3 Rc8 35. a5 Kf6 36. a6 bxa6 37. Rxa6 Rc3 38. Rb6 Rb3 39. Kd4
Rb4+ 40. Kc5 Rxf4 41. Kd6 Bxb5 42. Rxb5 Rf2 43. Rb1 Rxg2 44. Rf1+ Kg5 45. Kxe6
Rxh2 46. Kxd5 Kg4 47. Bxh7 h4 48. Be4 Rd2+ 49. Ke5 Rd8 50. Rg1+ Kh3 51. Kf4
Rf8+ 52. Bf5+ Kh2 53. Rg4 h3 54. Rh4 Kg2 55. Rxh3 Rxf5+ 56. Kxf5 Kxh3 1/2-1/2

[Event "4NCL Division 4 South"]
[Site "Daventry, ENG"]
[Date "2018.11.17"]
[Round "1.99"]
[White "Priest, Christopher PA"]
[Black "Sturt, Charles A"]
[Result "0-1"]
[WhiteElo "1690"]
[BlackElo "1720"]
[PlyCount "48"]
[EventDate "2018.11.17"]

1. d4 e6 2. Bf4 f5 3. e4 fxe4 4. Qh5+ g6 5. Qe5 Nf6 6. Qxc7 Qxc7 7. Bxc7 Nc6 8.
c3 d6 9. b4 b6 10. f3 Kd7 11. fxe4 Nxe4 12. Bd3 Nf6 13. Bxd6 Bxd6 14. Nf3 Bb7
15. Nbd2 Ng4 16. O-O Raf8 17. Rae1 Ne7 18. h3 Nh6 19. Ng5 Rxf1+ 20. Nxf1 a6 21.
Rxe6 Bf4 22. Rxb6 Kc7 23. Nf7 Rf8 24. Rf6 Rxf7 0-1

[Event "4NCL Division 4 South"]
[Site "Daventry, ENG"]
[Date "2018.11.17"]
[Round "1.99"]
[White "Cranston, Adam"]
[Black "Deacon, Nicholas"]
[Result "1-0"]
[WhiteElo "1720"]
[BlackElo "1292"]
[PlyCount "35"]
[EventDate "2018.11.17"]

1. d4 d5 2. Bf4 Nf6 3. e3 Bf5 4. c4 dxc4 5. Bxc4 e6 6. Nc3 Nc6 7. Nf3 Be7 8.
Qb3 Nb4 9. Rc1 Rb8 10. Nb5 a6 11. Nxc7+ Kf8 12. Nxe6+ Bxe6 13. Bxe6 fxe6 14.
Bxb8 Qxb8 15. O-O Kf7 16. Ne5+ Ke8 17. Qxe6 Qa7 18. Rc8# 1-0

[Event "4NCL Division 4 South"]
[Site "Daventry, ENG"]
[Date "2018.11.17"]
[Round "1.99"]
[White "Hurney, Kevin"]
[Black "Sloan, Cecil"]
[Result "1-0"]
[WhiteElo "2147"]
[BlackElo "1757"]
[PlyCount "53"]
[EventDate "2018.11.17"]

1. e4 d5 2. exd5 Qxd5 3. Nc3 Qd8 4. d4 Nf6 5. Nf3 Bg4 6. Be2 e6 7. O-O Nbd7 8.
h3 Bxf3 9. Bxf3 c6 10. Re1 Be7 11. Bf4 O-O 12. Qe2 Nb6 13. Rad1 Nbd5 14. Nxd5
cxd5 15. Qb5 Bd6 16. Be5 Qe7 17. c4 a6 18. Qb3 dxc4 19. Qxb7 Qxb7 20. Bxb7 Bxe5
21. Bxa8 Bxd4 22. Rxd4 Rxa8 23. Rxc4 Nd5 24. Rec1 Kf8 25. Rc8+ Rxc8 26. Rxc8+
Ke7 27. Ra8 1-0

[Event "4NCL Division 4 South"]
[Site "Daventry, ENG"]
[Date "2018.11.17"]
[Round "1.99"]
[White "Nielsen, Geir Erik"]
[Black "Paul, Nathanael"]
[Result "0-1"]
[WhiteElo "1607"]
[BlackElo "2050"]
[PlyCount "50"]
[EventDate "2018.11.17"]

1. d4 d5 2. Bf4 Nf6 3. e3 c5 4. c3 Nc6 5. Bd3 Qb6 6. Qb3 c4 7. Qxb6 axb6 8. Bc2
b5 9. Na3 e5 10. Nxb5 Ra5 11. dxe5 Rxb5 12. exf6 Rxb2 13. Kd2 Bf5 14. Rc1 g5
15. Bg3 Ba3 16. Kd1 Bxc2+ 17. Rxc2 Rb1+ 18. Kd2 b5 19. f4 b4 20. Ke2 b3 21.
axb3 cxb3 22. Rd2 Rc1 23. Rxd5 b2 24. Rb5 gxf4 25. Be1 b1=Q 0-1

[Event "4NCL Division 4 South"]
[Site "Daventry, ENG"]
[Date "2018.11.17"]
[Round "1.99"]
[White "Zdanowski, Adrian"]
[Black "Vig, Sanjay"]
[Result "1-0"]
[WhiteElo "2042"]
[BlackElo "1570"]
[PlyCount "99"]
[EventDate "2018.11.17"]

1. Nf3 d5 2. c4 e6 3. d4 c6 4. Nc3 Be7 5. Bf4 Bd6 6. Bxd6 Qxd6 7. e4 dxe4 8.
Nxe4 Qb4+ 9. Qd2 Qxd2+ 10. Nfxd2 Nd7 11. f4 f6 12. Bd3 Nh6 13. Nd6+ Ke7 14.
N2e4 c5 15. d5 f5 16. Nxc8+ Raxc8 17. Nc3 e5 18. fxe5 Nxe5 19. O-O-O a6 20. a4
g6 21. h3 Nhf7 22. b3 Nd6 23. Kc2 Rhf8 24. Rhf1 Rf6 25. Rde1 Ndf7 26. g4 Kd6
27. gxf5 Ng5 28. h4 Nxd3 29. Kxd3 Rcf8 30. hxg5 Rxf5 31. Re6+ Kd7 32. Rxf5 Rxf5
33. Ne4 Rf3+ 34. Kc2 Rf7 35. Nxc5+ Kd8 36. Ne4 Rf5 37. Nd6 Rf2+ 38. Kc3 Rf3+
39. Kb4 a5+ 40. Ka3 Rf1 41. Nxb7+ Kc7 42. Nxa5 Rf7 43. Nc6 Rd7 44. Kb4 Kb7 45.
Kc5 Kc8 46. Ne7+ Kd8 47. d6 Rxd6 48. Kxd6 h5 49. gxh6 g5 50. h7 1-0

[Event "4NCL Division 4 South"]
[Site "Daventry, ENG"]
[Date "2018.11.17"]
[Round "1.99"]
[White "Tathare, Sandesh"]
[Black "Jamieson, Ian"]
[Result "0-1"]
[WhiteElo "1487"]
[BlackElo "2065"]
[PlyCount "82"]
[EventDate "2018.11.17"]

1. e4 Nf6 2. e5 Nd5 3. Bc4 Nb6 4. Bb3 d5 5. d4 Bf5 6. Ne2 e6 7. Nd2 c5 8. c3
Nc6 9. Bc2 Bxc2 10. Qxc2 cxd4 11. cxd4 Rc8 12. Qd1 f6 13. f4 Nb4 14. O-O Nc2
15. Nb3 Nxa1 16. Nxa1 f5 17. Nb3 Nc4 18. Nc3 Qd7 19. Qf3 Be7 20. Ne2 a5 21. Nd2
Nxd2 22. Bxd2 Qb5 23. Rb1 Rc2 24. Nc3 Qb6 25. Be3 Rxc3 26. Qe2 O-O 27. b3 Rfc8
28. Rb2 Ba3 29. Rb1 Bc1 30. Bf2 Bxf4 31. g4 fxg4 32. Qxg4 Rc1+ 33. Rxc1 Bxc1
34. Be1 Qc6 35. Bxa5 Ra8 36. Be1 Rxa2 37. Kf1 Qe8 38. Kg1 Qg6 39. h3 Be3+ 40.
Kh1 Qxg4 41. hxg4 Ra1 0-1

[Event "4NCL Division 4 South"]
[Site "Daventry, ENG"]
[Date "2018.11.17"]
[Round "1.99"]
[White "Portman, Carl S"]
[Black "Morrell, Sean"]
[Result "1-0"]
[WhiteElo "1967"]
[BlackElo "1442"]
[PlyCount "63"]
[EventDate "2018.11.17"]

1. d4 Nf6 2. Nc3 d5 3. Bg5 e6 4. e3 Be7 5. Nf3 O-O 6. Bd3 Nbd7 7. O-O c5 8. Re1
c4 9. Bf1 Bb4 10. e4 Qa5 11. Bd2 dxe4 12. Nxe4 Nxe4 13. Rxe4 Bxd2 14. Nxd2 b5
15. a4 Ba6 16. axb5 Qxb5 17. Bxc4 Qxb2 18. Rxa6 Nf6 19. Rh4 g5 20. Rh3 Qxd4 21.
Rd3 Qh4 22. Nf3 Qf4 23. Rd4 Qf5 24. Bd3 Qc5 25. Rc4 Qd5 26. Qe1 g4 27. Ra5 Qxc4
28. Bxc4 gxf3 29. Rg5+ Kh8 30. Qe5 h6 31. Qxf6+ Kh7 32. Qg7# 1-0

[Event "4NCL Division 4 South"]
[Site "Daventry, ENG"]
[Date "2018.11.17"]
[Round "1.99"]
[White "Mehta, Kaveer"]
[Black "Clarke, Neil"]
[Result "0-1"]
[WhiteElo "1405"]
[BlackElo "1960"]
[PlyCount "104"]
[EventDate "2018.11.17"]

1. e4 e6 2. d4 d5 3. e5 c5 4. Nf3 Nc6 5. Bb5 Bd7 6. Nc3 cxd4 7. Nxd4 Nge7 8.
Nf3 Ng6 9. Bxc6 bxc6 10. Ne2 c5 11. O-O Be7 12. Re1 O-O 13. Ng3 Rb8 14. b3 Qc7
15. Rb1 a5 16. Ba3 a4 17. c4 axb3 18. axb3 Ra8 19. Ra1 Bc6 20. Qe2 Rfb8 21. Nd2
dxc4 22. bxc4 Bxg2 23. Qe3 Bb7 24. Nb3 Qc6 25. Ne4 Qxe4 26. Qxe4 Bxe4 27. Rxe4
Rxb3 28. Bb2 Rxa1+ 29. Bxa1 Rb1+ 30. Kg2 Rxa1 31. Re2 Nf4+ 32. Kf3 Nxe2 33.
Kxe2 f6 34. f4 Ra2+ 35. Kf3 Rxh2 36. Ke4 fxe5 37. fxe5 Rh4+ 38. Kd3 Rd4+ 39.
Kc3 Bd8 40. Kb3 Bc7 41. Kc3 Bxe5 42. Kb3 g5 43. Ka4 Rxc4+ 44. Kb3 Rb4+ 45. Kc2
c4 46. Kc1 Rb2 47. Kd1 g4 48. Ke1 g3 49. Kf1 g2+ 50. Kg1 Bd4+ 51. Kh2 g1=Q+ 52.
Kh3 Rh2# 0-1

[Event "4NCL Division 4 South"]
[Site "Daventry, ENG"]
[Date "2018.11.17"]
[Round "1.99"]
[White "Kirby, Andrew"]
[Black "George, Andrew P"]
[Result "0-1"]
[WhiteElo "1631"]
[BlackElo "1967"]
[PlyCount "70"]
[EventDate "2018.11.17"]

1. c4 g6 2. Nc3 Bg7 3. g3 d6 4. Bg2 Nd7 5. e4 e5 6. Nge2 Ne7 7. d3 O-O 8. O-O
h6 9. Be3 Kh7 10. h3 f5 11. f4 c6 12. b4 Nf6 13. Kh2 Be6 14. Qc2 a5 15. Rab1
Qd7 16. Qb2 fxe4 17. dxe4 Bxc4 18. fxe5 dxe5 19. Rfd1 Qe6 20. bxa5 Rxa5 21. Qb4
Rfa8 22. Nc1 b5 23. Rd6 Qf7 24. Bc5 R5a6 25. Rb2 $11 25... Nc8 26. Rd1 Nd7 27.
Rbd2 Nxc5 28. Qxc5 R8a7 29. h4 Bf8 30. Qe3 Bb4 31. Rd8 Nb6 32. R1d2 Qe7 33. Qf3
Ra3 34. h5 Rxc3 35. hxg6+ Kg7 0-1

[Event "4NCL Division 4 South"]
[Site "Daventry, ENG"]
[Date "2018.11.17"]
[Round "1.99"]
[White "Flynn, David"]
[Black "Love, James"]
[Result "1-0"]
[WhiteElo "1892"]
[BlackElo "1622"]
[PlyCount "131"]
[EventDate "2018.11.17"]

1. e4 e6 2. d4 d5 3. Nd2 c5 4. exd5 exd5 5. Ngf3 Nf6 6. Bb5+ Bd7 7. Bxd7+ Nbxd7
8. O-O Be7 9. dxc5 Nxc5 10. Nd4 O-O 11. Nf5 Nce4 12. Nxe7+ Qxe7 13. Nb3 Rfe8
14. Be3 $11 14... h5 15. h3 g5 16. Bd4 g4 17. h4 g3 18. f3 Ng4 19. fxg4 Qxh4
20. Rf5 Nf2 21. Rxh5 Nxd1 22. Rxd1 Qxh5 23. gxh5 Re2 24. Nd2 Rae8 25. Kf1 b6
26. c3 Kh7 27. a4 Kh6 28. a5 bxa5 29. Bxa7 Kxh5 30. b4 R2e7 31. Bc5 Rc7 32. Nf3
axb4 33. Rxd5+ Kg6 34. cxb4 f6 35. Nh4+ Kg7 36. Nf5+ Kh8 37. Nxg3 Rh7 38. Rh5
Rb8 39. Kf2 Kg7 40. Kf3 Rxh5 41. Nxh5+ Kg6 42. Nf4+ Kf5 43. Ne2 Kg5 44. Nd4 Kg6
45. Kf4 Kf7 46. g3 Kg6 47. Nc6 Rb7 48. Ne7+ Kf7 49. Kf5 Rb5 50. Nd5 Rb8 51.
Nxf6 Rc8 52. g4 Rc6 53. g5 Rc8 54. g6+ Kg7 55. Kg5 Kh8 56. Ng4 Rc6 57. Bd4+ Kg8
58. Nh6+ Kf8 59. g7+ Ke7 60. g8=Q Kd7 61. Qf7+ Kc8 62. Be5 Kd8 63. Qd5+ Rd6 64.
Qxd6+ Ke8 65. Qc7 Kf8 66. Qf7# 1-0

[Event "4NCL Division 4 South"]
[Site "Daventry, ENG"]
[Date "2018.11.17"]
[Round "1.99"]
[White "Haslehurst, Harriet"]
[Black "Gogia, Armaan"]
[Result "0-1"]
[WhiteElo "1457"]
[BlackElo "1907"]
[PlyCount "108"]
[EventDate "2018.11.17"]

1. d4 Nf6 2. Nf3 g6 3. g3 Bg7 4. Bg2 O-O 5. O-O d6 6. c4 Nc6 7. Nc3 e5 8. d5
Nb8 9. e4 a5 10. Qc2 Na6 11. a3 Nc5 12. Bg5 a4 13. Nd2 Bd7 14. b4 axb3 15. Nxb3
Na4 16. Nxa4 Bxa4 17. Qb2 Ra6 18. Rfb1 h6 19. Be3 Ng4 20. Bd2 f5 21. h3 Nf6 22.
f3 Nh5 23. Kh2 Qf6 24. Be1 Qg5 25. Qd2 f4 26. g4 Ng3 27. c5 Qe7 28. Bxg3 fxg3+
29. Kxg3 dxc5 30. Qc3 b6 31. Nd2 Kh7 32. Bf1 Ra7 33. Bb5 Qf6 34. Bxa4 Qf4+ 35.
Kg2 Rxa4 36. Rf1 Bf6 37. Rg1 Bh4 38. Kh1 Bf2 39. Rg2 Bd4 40. Qc2 Bxa1 41. Qxa4
Bc3 42. Nb1 Qxf3 43. Kh2 Rf7 44. Qe8 Bd4 45. Nd2 Qf4+ 46. Kh1 Kg7 47. Qa4 Be3
48. Qc2 Bxd2 49. Rxd2 Qg3 50. Qd3 Rf3 51. Qe2 Qxh3+ 52. Kg1 Rg3+ 53. Qg2 Qxg4
54. Kf1 Rxg2 0-1

[Event "4NCL Division 4 South"]
[Site "Daventry, ENG"]
[Date "2018.11.17"]
[Round "1.99"]
[White "Truman, Richard G"]
[Black "Kotsiopoulos, Panagiotis"]
[Result "1-0"]
[WhiteElo "1952"]
[BlackElo "1396"]
[PlyCount "133"]
[EventDate "2018.11.17"]

1. d4 d5 2. c4 e6 3. Nc3 Nf6 4. Bg5 Nbd7 5. e3 Be7 6. Nf3 O-O 7. Rc1 c6 8. Bd3
dxc4 9. Bxc4 Nd5 10. Bxe7 Nxe7 11. O-O Ng6 12. Qc2 Nf6 13. e4 Re8 14. e5 Nd5
15. Ne4 Nh4 16. Nfg5 h6 17. Nh3 Nf5 18. Rfd1 18... Qh4 $11 19. Qe2 Rf8 20. Qf3
h5 21. Be2 g6 22. Nhg5 Nh6 23. g3 Qg4 24. Qxg4 hxg4 25. Nd6 Ne7 26. Nge4 Nd5
27. a3 f5 28. exf6 Nxf6 29. Nc5 b6 30. Nd3 Rd8 31. Nxc8 Raxc8 32. Ne5 Nf5 33.
Nxg4 Nxg4 34. Bxg4 Rxd4 35. Bxf5 Rxd1+ 36. Rxd1 exf5 37. Rd6 Kf7 38. Rd7+ Kf6
39. Rxa7 Rd8 40. Rb7 40... b5 $11 41. Rc7 Rd6 42. Kf1 Ke5 43. Re7+ Kd4 44. Re3
c5 45. Ke2 c4 46. h4 Kc5 47. Re5+ Kb6 48. h5 gxh5 49. Rxf5 Rh6 50. Ke3 h4 51.
gxh4 Rxh4 52. Rd5 Rh3+ 53. f3 Ka5 54. Rd2 54... Rh7 $11 55. f4 Re7+ 56. Kf3 b4
57. axb4+ Kxb4 58. f5 Re5 59. Kf4 Re1 60. f6 Rf1+ 61. Ke5 Re1+ 62. Kd6 Rf1 63.
Ke7 Re1+ 64. Kf8 Kc5 65. f7 Ra1 66. Re2 Kd6 67. Rg2 1-0

[Event "4NCL Division 4 South"]
[Site "Daventry, ENG"]
[Date "2018.11.17"]
[Round "1.99"]
[White "Shek, Daniel"]
[Black "Hill, Maurice J"]
[Result "0-1"]
[WhiteElo "1361"]
[BlackElo "1802"]
[PlyCount "116"]
[EventDate "2018.11.17"]

1. d4 Nf6 2. c4 g6 3. Nc3 d5 4. cxd5 Nxd5 5. e4 Nxc3 6. bxc3 Bg7 7. Nf3 c5 8.
Bb5+ Bd7 9. Bxd7+ Nxd7 10. O-O O-O 11. Be3 Qc7 12. Rc1 Rfd8 13. Qc2 Rac8 14.
Rfd1 cxd4 15. Bxd4 Bh6 16. Rb1 b6 17. e5 Nc5 18. Re1 Ne6 19. Qb3 Nc5 20. Qc2
$11 20... Qc6 21. Rbd1 Ne6 22. Qb3 Rd5 23. a4 Ra5 24. Ra1 Qc4 25. Qa3 Nc5 26.
e6 f6 27. Qb4 Qd5 28. Rad1 Qc6 29. Bxc5 Qxc5 30. Qxc5 $11 30... Raxc5 31. Rd7
R5c7 32. Red1 Bf4 33. Rd8+ Rxd8 34. Rxd8+ Kg7 35. Rd7 Bd6 36. Rxc7 $11 36...
Bxc7 37. c4 Be5 38. Nxe5 fxe5 39. f3 Kf6 40. Kf2 Kxe6 41. Ke3 Kd6 42. Kd3 $11
42... Kc5 43. Kc3 g5 44. g4 h6 45. Kd3 Kb4 46. Ke4 Kxa4 47. Kf5 Kb4 48. Kg6 a5
49. Kxh6 a4 50. Kxg5 a3 51. h4 a2 52. h5 a1=Q 53. h6 Qc1+ 54. Kg6 Qf4 55. h7
Qf6+ 56. Kh5 Kxc4 57. g5 Qg7 58. g6 b5 0-1

[Event "4NCL Division 4 South"]
[Site "Daventry, ENG"]
[Date "2018.11.17"]
[Round "1.99"]
[White "Taylor, Robert P"]
[Black "Ganeshbabu, Adarsharun"]
[Result "1-0"]
[WhiteElo "1742"]
[BlackElo "1397"]
[PlyCount "59"]
[EventDate "2018.11.17"]

1. d4 Nf6 2. Bf4 e6 3. e3 d5 4. Nd2 b6 5. Ngf3 Bb7 6. c3 Nbd7 7. h3 c5 8. Bd3
Rc8 9. O-O Be7 10. Qe2 cxd4 11. exd4 O-O 12. Rae1 h6 13. g4 h5 14. g5 Nh7 15.
g6 fxg6 16. Qxe6+ Kh8 17. Qxg6 Nhf6 18. Ne5 Ne4 19. Nf7+ Rxf7 20. Qxf7 Nxd2 21.
Qxh5+ Kg8 22. Qh7+ Kf8 23. Bg6 Nf3+ 24. Kh1 Nf6 25. Qh8+ Ng8 26. Bh7 Ke8 27.
Qxg8+ Kd7 28. Bf5+ Kc6 29. Re6+ Kb5 30. Bd3+ 1-0

[Event "4NCL Division 4 South"]
[Site "Daventry, ENG"]
[Date "2018.11.17"]
[Round "1.99"]
[White "Gundry, Arran K"]
[Black "Karia, Kamlesh"]
[Result "1-0"]
[WhiteElo "1945"]
[BlackElo "1600"]
[PlyCount "85"]
[EventDate "2018.11.17"]

1. e4 e5 2. Nf3 Nc6 3. Bb5 a6 4. Ba4 Nge7 5. c3 g6 6. O-O Bg7 7. Re1 O-O 8. d4
d6 9. h3 h6 10. d5 Nb8 11. Nbd2 Nd7 12. Bc2 f5 13. c4 f4 14. a4 Nf6 15. Ra3 g5
16. Nh2 Ng6 17. Bd3 Bd7 18. Be2 Be8 19. Ng4 Nh7 20. Rc3 Qd7 21. b3 Ne7 22. Ba3
Bg6 23. Bf3 h5 24. Nh2 Nf6 25. Qe2 Kf7 26. Rec1 Rh8 27. c5 Rac8 28. cxd6 cxd6
29. Nc4 Rxc4 30. Rxc4 Ne8 31. Nf1 g4 32. hxg4 h4 33. g5 Qd8 34. Bg4 Qb6 35.
Be6+ Kf8 36. Rb4 Qa7 37. a5 Bh5 38. Bg4 Bf7 39. Nd2 Nxd5 40. exd5 Bxd5 41. Rb6
Bc6 42. Ne4 Qb8 43. Rcxc6 1-0

[Event "4NCL Division 4 South"]
[Site "Daventry, ENG"]
[Date "2018.11.17"]
[Round "1.99"]
[White "Angelopoulos, Nicos"]
[Black "Jackson, Gary C"]
[Result "1/2-1/2"]
[WhiteElo "1570"]
[BlackElo "1815"]
[PlyCount "99"]
[EventDate "2018.11.17"]

1. e4 c5 2. c3 Nf6 3. e5 Nd5 4. Bc4 Nb6 5. Bb3 c4 6. Bc2 Nc6 7. Nf3 g6 8. b3
Bg7 9. bxc4 Nxe5 10. Nxe5 Bxe5 11. d4 Bg7 12. Bb3 d6 13. O-O O-O 14. Ba3 Nd7
15. Nd2 b6 16. Re1 Ba6 17. Qe2 Re8 18. Qf3 Nf6 19. Ba4 Rf8 20. Bb5 Bxb5 21.
cxb5 Rc8 22. Rac1 Bh6 23. Rc2 Qc7 24. Qe2 Rfe8 25. c4 Nh5 26. g3 Ng7 27. Nb3
Ne6 28. d5 Nc5 29. Nxc5 bxc5 30. Qd3 Qa5 31. Rce2 Rc7 32. Bc1 Bxc1 33. Rxc1 a6
34. Qc3 Qb6 35. a4 axb5 36. axb5 Ra8 37. Ra1 Rxa1+ 38. Qxa1 Ra7 39. Ra2 Rb7 40.
Ra8+ Rb8 41. Rxb8+ Qxb8 42. Qa6 e6 43. b6 exd5 44. Qa7 Qe8 45. Qa1 Qb8 46. Qa7
Qe8 47. b7 Qe1+ 48. Kg2 Qe4+ 49. Kg1 Qe1+ 50. Kg2 1/2-1/2

[Event "4NCL Division 4 South"]
[Site "Daventry, ENG"]
[Date "2018.11.17"]
[Round "1.99"]
[White "Rowan, Daniel"]
[Black "Eedle, Eric F"]
[Result "1-0"]
[WhiteElo "1807"]
[BlackElo "1577"]
[PlyCount "45"]
[EventDate "2018.11.17"]

1. c4 b6 2. g3 Bb7 3. Nf3 d6 4. Bg2 Nf6 5. Nc3 e6 6. O-O Be7 7. d4 O-O 8. Qc2
c5 9. dxc5 dxc5 10. Rd1 Qc8 11. Bf4 Na6 12. a3 Rd8 13. e4 Rxd1+ 14. Rxd1 Nh5
15. Be3 g6 16. Nb5 Nf6 17. Ne5 Bc6 18. Nxc6 Qxc6 19. e5 Nd5 20. cxd5 Qxb5 21.
d6 Rd8 22. dxe7 Rxd1+ 23. Qxd1 1-0

[Event "4NCL Division 4 South"]
[Site "Daventry, ENG"]
[Date "2018.11.17"]
[Round "1.99"]
[White "Angelopoulos, Andreas"]
[Black "Hibbitt, Arthur M"]
[Result "0-1"]
[WhiteElo "1540"]
[BlackElo "1777"]
[PlyCount "136"]
[EventDate "2018.11.17"]

1. d4 e6 2. c4 b6 3. Nc3 Bb7 4. e3 Bb4 5. a3 Bxc3+ 6. bxc3 f5 7. Nf3 Nf6 8. Be2
O-O 9. O-O d6 10. a4 Nbd7 11. Ba3 Ne4 12. Qc2 Ng5 13. Qd1 Qf6 14. Nxg5 Qxg5 15.
Bf3 Bxf3 16. Qxf3 e5 17. Qg3 Qh6 18. c5 Nf6 19. cxd6 Ne4 20. Qxe5 cxd6 21. Qd5+
Kh8 22. Rac1 Rae8 23. Qa2 Rf6 24. Rfe1 Ng5 25. Qe2 f4 26. Qb5 Ref8 27. exf4
Rxf4 28. Rc2 Nf3+ 29. gxf3 Qg6+ 30. Kf1 Qxc2 31. Re2 Qd1+ 32. Kg2 R4f6 33. f4
Rg6+ 34. Kf3 Qh1+ 35. Ke3 Re6+ 36. Kd2 Rfe8 37. Rxe6 Rxe6 38. Qd7 Qe1+ 39. Kc2
Re2+ 40. Kb3 h6 41. Qxa7 d5 42. Qa8+ Re8 43. Qxd5 $11 43... Qd1+ 44. Kb4 Qb1+
45. Qb3 Qf5 46. d5 Qxf4+ 47. Qc4 Re4 48. Qxe4 Qxe4+ 49. c4 Qe1+ 50. Kb5 Qxf2
51. Bd6 Qd4 52. Bc7 Qc5+ 53. Ka6 Qxc7 54. h3 g5 55. Kb5 h5 56. a5 Qc5+ 57. Ka6
Qxa5+ 58. Kb7 Qc5 59. Ka6 Qxc4+ 60. Kxb6 Qxd5 61. Kc7 g4 62. hxg4 hxg4 63. Kb6
g3 64. Kc7 g2 65. Kb6 g1=Q+ 66. Kc7 Qgc5+ 67. Kb8 Qd7 68. Ka8 Qca7# 0-1

[Event "4NCL Division 4 South"]
[Site "Daventry, ENG"]
[Date "2018.11.17"]
[Round "1.99"]
[White "Evans, Christopher J"]
[Black "Ford, Conor"]
[Result "1-0"]
[WhiteElo "1761"]
[BlackElo "1532"]
[PlyCount "75"]
[EventDate "2018.11.17"]

1. e4 e5 2. Nc3 Nc6 3. Bc4 Nf6 4. f4 exf4 5. Nf3 d6 6. d4 Be7 7. Bxf4 O-O 8.
O-O b6 9. Qd2 Bb7 10. Rad1 Nb8 11. Qe2 a6 12. e5 Ne8 13. e6 f6 14. Bd3 g6 15.
Nh4 f5 16. Nf3 Bf6 17. Bh6 Ng7 18. Qe3 Qe7 19. d5 Rc8 20. Ne2 c5 21. c4 a5 22.
a4 Na6 23. Bg5 Rf8 24. Rd2 Nc7 25. Bxf6 Rxf6 26. Qh6 Rff8 27. Ng5 Nge8 28. Nf7
Rxf7 29. exf7+ Qxf7 30. Ng3 Nf6 31. Nxf5 gxf5 32. Rxf5 Rf8 33. Rxf6 Qg7 34.
Rxf8+ Kxf8 35. Rf2+ Kg8 36. Qxd6 Kh8 37. Rf8+ Qg8 38. Qf6# 1-0

[Event "4NCL Division 4 South"]
[Site "Daventry, ENG"]
[Date "2018.11.17"]
[Round "1.99"]
[White "Sezer, Steve"]
[Black "Martin, Nick J"]
[Result "0-1"]
[WhiteElo "1487"]
[BlackElo "1761"]
[PlyCount "38"]
[EventDate "2018.11.17"]

1. d4 Nf6 2. c4 e5 3. Nf3 exd4 4. Bg5 c5 5. g3 Nc6 6. a3 Be7 7. b4 h6 8. Bxf6
Bxf6 9. bxc5 O-O 10. Qd3 d6 11. cxd6 Qxd6 12. Nc3 Ne5 13. Nxe5 Qxe5 14. Nd5 Bf5
15. Nxf6+ Qxf6 16. Qf3 d3 17. Rd1 Qc3+ 18. Rd2 Qc1+ 19. Rd1 d2# 0-1